LEADER 00816nam0-22002891i-450- 001 990006561710403321 005 20001010 035 $a000656171 035 $aFED01000656171 035 $a(Aleph)000656171FED01 035 $a000656171 100 $a20001010d--------km-y0itay50------ba 101 0 $aita 105 $ay-------001yy 200 1 $aMedieval Women$fEileen Power$gedited by M.M. Poston. 210 $aCambridge$cUniversity Press$d1975 215 $a111 p.$d22 cm 700 1$aPower,$bEileen Edna LePoer$f<1889-1940>$0387592 702 1$aPostan,$bM. M.$g 801 0$aIT$bUNINA$gRICA$2UNIMARC 901 $aBK 912 $a990006561710403321 952 $aXI A 177$b5433$fFSPBC 959 $aFSPBC 996 $aMedieval women$939058 997 $aUNINA DB $aGEN01